<?xml version="1.0" encoding="UTF-8"?>
<record
    xmlns:xsi="http://www.w3.org/2001/XMLSchema-instance"
    xsi:schemaLocation="http://www.loc.gov/MARC21/slim http://www.loc.gov/standards/marcxml/schema/MARC21slim.xsd"
    xmlns="http://www.loc.gov/MARC21/slim">

  <leader>01495nam a2200205 a 4500</leader>
  <controlfield tag="001">ASIN1860648436</controlfield>
  <controlfield tag="005">20170105102928.0</controlfield>
  <controlfield tag="008">131213s2004    xxu                 eng d</controlfield>
  <datafield tag="020" ind1=" " ind2=" ">
    <subfield code="a">1860648436 (hardcover)</subfield>
    <subfield code="c">$75.00</subfield>
  </datafield>
  <datafield tag="020" ind1=" " ind2=" ">
    <subfield code="a">9781860648434 (hardcover)</subfield>
  </datafield>
  <datafield tag="040" ind1=" " ind2=" ">
    <subfield code="a">0</subfield>
  </datafield>
  <datafield tag="082" ind1=" " ind2=" ">
    <subfield code="a">320.9409045</subfield>
    <subfield code="b">HAS 2005</subfield>
  </datafield>
  <datafield tag="100" ind1="1" ind2=" ">
    <subfield code="a">Haseler, Stephen.</subfield>
  </datafield>
  <datafield tag="245" ind1="1" ind2="0">
    <subfield code="a">Super-state :</subfield>
    <subfield code="b">the new europe and its challenge to america /</subfield>
    <subfield code="c">Stephen Haseler.</subfield>
  </datafield>
  <datafield tag="260" ind1=" " ind2=" ">
    <subfield code="a">[S.l.] :</subfield>
    <subfield code="b">I. B. Tauris,</subfield>
    <subfield code="c">2004.</subfield>
  </datafield>
  <datafield tag="300" ind1=" " ind2=" ">
    <subfield code="a">240 p. ;</subfield>
    <subfield code="c">22 cm.</subfield>
  </datafield>
  <datafield tag="520" ind1=" " ind2=" ">
    <subfield code="a">Even before Donald Rumsfeld's infamous "Old Europe" gibe, Europe's divergence from America on issues like war with Iraq and trade competition has become increasingly ill-tempered. With the Euro successfully launched and a European army a real prospect, Europe is now a recognizable political entity on the world scene. A population of over 300 million and the world's largest economy have already turned the EU into a super-power, but it is now on the verge of being a super-state. Haseler examines why the new European super-state has emerged, how it will inevitably rival the United States and how America is reacting to this new world player. Super-State explores what this new EU super-state means for the citizens of Europe and their attitudes to America, looking specifically at how a eurosceptic Britain will fit into this new structure.</subfield>
  </datafield>
  <datafield tag="856" ind1="4" ind2="0">
    <subfield code="3">Amazon.com</subfield>
    <subfield code="u">http://www.amazon.com/exec/obidos/ASIN/1860648436/chopaconline-20</subfield>
  </datafield>
  <datafield tag="942" ind1=" " ind2=" ">
    <subfield code="2">ddc</subfield>
    <subfield code="c">BK</subfield>
  </datafield>
  <datafield tag="999" ind1=" " ind2=" ">
    <subfield code="c">15920</subfield>
    <subfield code="d">15920</subfield>
  </datafield>
  <datafield tag="952" ind1=" " ind2=" ">
    <subfield code="0">0</subfield>
    <subfield code="1">0</subfield>
    <subfield code="4">0</subfield>
    <subfield code="7">0</subfield>
    <subfield code="8">NFIC</subfield>
    <subfield code="a">CIPS</subfield>
    <subfield code="b">CIPS</subfield>
    <subfield code="c">GEN</subfield>
    <subfield code="d">2013-10-02</subfield>
    <subfield code="l">0</subfield>
    <subfield code="o">320.9409045 HAS 2005</subfield>
    <subfield code="p">CIPS0002375</subfield>
    <subfield code="r">2013-12-13</subfield>
    <subfield code="w">2013-12-13</subfield>
    <subfield code="y">BK</subfield>
  </datafield>
</record>
